000 00340nam a22000977a 4500
008 130911b xxu||||| |||| 00| 0 eng d
010 _aHCMApln.F:120
245 _aHigh Court Miscellanous Application No. 0074 of 2007 DFCU leasing CO LTD vs Nasolo Faridah
260 _a High Court Kampala
_c2007
500 _3BEFORE:Hon.Mr.Justice Lameck N Mukasa
999 _c5742
_d5742